Croatia - Spain UEFA Euro 2016 - Statistics

General Stats
  • This quiz has been taken 222 times
  • The average score is 15 of 30
Answer Stats
Answer % Correct
Ivan Rakitić
86%
Danijel Subašić
85%
Ivan Perišić ¹
85%
Sergio Ramos
83%
Andrés Iniesta
80%
David De Gea
79%
Gérard Piqué
77%
Jordi Alba
73%
Alvaro Morata ¹
71%
Darijo Srna
70%
Sergio Busquets
66%
Vedran Ćorluka
66%
Mateo Kovacic
55%
David Silva
53%
Nikola Kalinić ¹
53%
Šime Vrsaljko
49%
Andrej Kramarić
43%
Ante Čačić
41%
Cesc Fabregas
40%
Marko Pjaca
40%
Milan Badelj
40%
Vicente Del Bosque
33%
Marko Rog
31%
Juanfran
30%
Tin Jedvaj
27%
Nolito
22%
Thiago Alcantara
16%
Aritz Aduriz
15%
Duje Čop
10%
Bruno Soriano
5%
No matching quizzes found
Score Distribution
Percent of People with Each Score
Percentile by Number Answered
Your Score History
You have not taken this quiz